| 000 | 00962cam a2200217 4500 | ||
|---|---|---|---|
| 001 | WS110995 | ||
| 008 | 000000n 000 0 eng u | ||
| 035 | _a(Sirsi) u110995 | ||
| 110 |
_aAccounting Standards Board _93454 |
||
| 245 | _aAccounting Standards Board | ||
| 520 | _aSite for this organisation which issues accounting standards in the UK. Includes the ASB Statements which are definite pronouncements, financial reporting standards, Statements of Standard Accounting Practice (SSAP) and statements of recommended practice. Also links to their journal 'Inside Track. | ||
| 650 | _aACCOUNTING STANDARDS | ||
| 650 | _aORGANISATION | ||
| 650 | _aCOMPANIES ACT 1985 | ||
| 650 | _aFINANCIAL REPORTING STANDARDS | ||
| 650 | 0 | _aSTATEMENTS OF STANDARD ACCOUNTING PRACTICE | |
| 650 | 0 | _aSSAPS | |
| 690 | _aPROPERTY-PROPERTY FINANCE AND INVESTMENT | ||
| 856 | 4 | 0 |
_uhttps://www.asb.org.uk _zView the website free of charge at www.asb.org.uk... |
| 942 | _n0 | ||
| 999 |
_c119792 _d119792 |
||